000 00553nam a22001577a 4500
020 _qHard Cover.
082 _a200
100 _a Saboor Abdul
245 _aInvestigation Electrical and Mechanical Properties of San/Pani/Flg's Nano Composites for EMI Shielding /
_cAbdul Saboor.
260 _aIslamabad:
_bSCME - NUST,
_c2015.
300 _a74 p. :
_bill. ;
_c30cm.
650 _aMS-Material and Engineering
_9129451
700 _aSupervisor: Dr. Ahmad Nawaz Khan
_9129643
942 _2ddc
_cTHE
999 _c534448
_d534448